00605nam a2200205Ia 4500003000900000008004100009020001800050040001600068080001700084100002000101245007800121260004900199300001400248490003200262650004100294650001400335650001300349700001600362700002100378IN-BaIIA211028s9999 xx 000 0 eng d a0-8053-2512-3 cIIA Library a524.834bFIE aField, George B 4aThe Redshift controversycGeroge B. Field, Halton Arp and John N. Bahcall aReading, MassachusettsbW. A. Benjaminc1973 axv, 324p. aFrontiers in physics Series aAstronomy and astrophysics thesaurus aCosmology aRedshift aArp, Halton aBahcall, John N.